| 000 | 00459nam a2200181Ia 4500 | ||
|---|---|---|---|
| 005 | 20251020182613.0 | ||
| 008 | 200515s9999 xx 000 0 und d | ||
| 082 | _aSC/69.05(083.2)/C29 | ||
| 100 | _aCASTILLO ARISTONDO, Rodolfo | ||
| 245 | 0 | _aFormularios prácticos para organizar una obra de construcción | |
| 260 | _aLima | ||
| 260 | _c1983 | ||
| 300 | _a99 | ||
| 650 | _aCONSTRUCCION | ||
| 650 | _aMETRADOS | ||
| 650 | _aPRESUPUESTOS | ||
| 942 | _cLIB | ||
| 999 |
_c3407 _d3407 |
||